| 000 | 00473nam a22001937a 4500 | ||
|---|---|---|---|
| 003 | CEME | ||
| 005 | 20210628205947.0 | ||
| 008 | 210209b xxu||||| |||| 00| 0 eng d | ||
| 020 | _a0-471-80478-9 | ||
| 040 | _c. | ||
| 082 | _a519.2 BIL | ||
| 100 |
_aBillingsley, Patrick _977679 |
||
| 245 | _aProbability and measure | ||
| 250 | _a2ND | ||
| 260 |
_aNEWYORK _bJOHN WILEY _c1986 |
||
| 300 | _a621P | ||
| 650 |
_aPROBABILITIES MEASURE THEORY _977680 |
||
| 942 |
_cBK _2ddc |
||
| 999 |
_c582902 _d582902 |
||